000
00317nam a22001337a 4500
003
SGT
020
_a
978-81-909385-5-6
082
_a
66.89
_b
E15R
245
_a
ENVIRONMENTAL HYGIENE AND COMMUNICATION SKILLS
260
_a
JALANDHAR
_b
S.VIKAS & COMPANY
_c
2015
300
_a
263
650
_a
PHARMACY
942
_2
ddc
_c
BK
999
_c
11169
_d
11169